000 01072nam a22003497a 4500
001 0005869
003 DO-SdBPM
005 20250829091955.0
007 0005869
008 160620b at 2004 xxu||||| |||| 00| 0 spa d
020 _a9706863257
040 _aBPMSU
_bsp
_cBPMSU
082 4 _a302.224
_bF778c 2007
_222
100 1 _aFournier Marcos, Celinda
_eautora
245 1 0 _aComunicación verbal /
_cCelinda Fournier Marcos.
250 _aEditor Luis Antonio Munguía Díaz.
260 _b
_c
264 _aMéxico:
_bThomson,
_c2007
300 _ax, 224 páginas ;
_c24cm.
_b
336 _atexto
_btxt
_2rdacontent
337 _asin mediación
_bn
_2rdamedia
338 _avolumen
_bnc
_2rdacarrier
504 _aBibliografía páginas 221-224
590 _aInventariado, 2025/VM
650 7 _aComunicación verbal.
650 7 _aOratoria.
650 7 _aPersuasión (Retórica)
650 7 _aArte de escuchar.
700 1 _aMunguía Díaz, Luis Antonio,
_eeditor
910 _aVMateo V. Control de calidad. BPMSU
942 _2ddc
_cBK
999 _c10449
_d10449